000 00383nam a2200145Ia 4500
008 240624s9999 xx 000 0 und d
041 _aeng
082 _a658.4012 WIT
100 _aWIT BOB DE
245 _aSTRATEGY SYNTHESIS MANAGING STRATEGY PAR
250 _a(4th ed.)
260 _c2014
_aNew Delhi
_bCengage Learning
300 _axxi, : 376 : p. : cm. ; 24
365 _cRS
_b31
999 _c25220
_d25220